Topografía para ingenieros

Gardado en:
Detalles Bibliográficos
Autor Principal: Kissam, Philip (Author)
Formato: Libro
Idioma:Lingua castelá
Publicado: Ciudad de México McGraw-Hill 1977
Subjects:
Tags: Engadir etiqueta
Sen Etiquetas, Sexa o primeiro en etiquetar este rexistro!

MARC

LEADER 00000nam a2200000 a 4500
001 UCU3247
003 CL-VaPUC
008 960502e19770000MX |||||||||||||||||spa|d
082 0 4 |a 526.9  |b KIS  |2 21 
100 0 |a Kissam, Philip  |e author  |9 360102 
245 1 0 |a Topografía para ingenieros 
300 |a 663 p 
942 |c BK 
945 |d 19960502 00:00:00  |a lriquelm 
260 |a Ciudad de México  |b McGraw-Hill  |c 1977 
650 0 |a Topografía   |9 260423 
650 0 |a Cálculo  |9 260234 
650 7 |a PLANIMETRIA  |2 CL-VaPUC  |9 360103 
650 7 |a MEDIDA  |2 CL-VaPUC  |9 360062 
650 7 |a INSTRUMENTOS DE MEDIDA  |2 CL-VaPUC  |9 262517 
583 |a last modification  |c 20160104 00:44:41  |k Rodrigo Vera 
999 |c 247326  |d 247324 
952 |0 0  |1 0  |4 0  |6 526_900000000000000_KIS_1977  |7 0  |8 A  |9 263174  |a BIBING  |b BIBING  |d 2019-11-19  |i 1652966  |o 526.9 KIS 1977  |p 1652966  |r 2025-01-20  |w 2019-11-19  |y BK  |k CCL 
952 |0 0  |1 0  |4 0  |6 526_900000000000000_KIS_1977  |7 0  |8 A  |9 263175  |a BIBING  |b BIBING  |d 2019-11-19  |i 1652931  |o 526.9 KIS 1977  |p 1652931  |r 2025-01-20  |w 2019-11-19  |y BK  |k CCL